Statistics for Rap Albums 2018

Click here to take the quiz!

General Stats

  • This quiz has been taken 325 times
  • The average score is 9 of 15

Answer Stats

ArtistAlbum% Correct
Travis ScottAstroworld
96%
DrakeScorpion
85%
Kanye WestYe
83%
Kanye West and Kid CudiKIDS SEE GHOSTS
77%
MigosCulture 2
73%
Playboy CartiDie Lit
71%
J. ColeKOD
70%
EminemKamikaze
66%
Pusha TDaytona
55%
Cardi BInvasion of Privacy
55%
Post MaloneBeerbongs & Bentleys
49%
Lil WayneTha Carter V
42%
Meek MillChampionships
39%
Nicki MinajQueen
25%
Jay RockRedemption
24%

Score Distribution

Percentile by Number Answered

Percent of People with Each Score

Your Score History

You have not taken this quiz